000 00273 a2200097 4500
001 27529
100 _aReader's digest association
245 _aReader's digest encyclopedia of garden plants flowers
260 _a
_bReader's digest association
_c1971
090 _c18319
_d18319
942 _aNUST-CAE
_cM
_c9246
999 _c262602
_d262602